000 01513nas a2200277Ia 4500
001 R268-R7040
003 IT-CnALBA
008 170116c99999999xx |||||||||||| ||und||
040 _aIT-CnALBA
_cIT-CnALBA
041 _aITALIANO
100 _aCAMPANINI GIORGIO
210 _aVIA VERITÀ E VITA
222 _aVIA VERITÀ E VITA
245 0 _aVIA VERITÀ E VITA. RIVISTA PASTORALE CATECHETICA. GENNAIO-FEBBRAIO 1986. LAICI: NOVITÀ INCOMPIUTA.
250 _a1a ed.
260 _a ROMA
_bCENTRO CATECHISTICO PAOLINO
_c1986 [1° Ed.:1986 - Ed.Ling.Originale: 1986]
300 _a80 p.
310 _aBIMESTRALE
362 _aFascicolo: 106 / Anno: 35 (1986)
500 _aPROBLEMATICHE APERTE. EDITORIALE. NANNI A. SCABINI P. GIUSTINIANI P. LANZA S. LAICI A. XX ANNI DAL CONCILIO. USO DEI LINEAMENTA. LAICI E MINISTERIALITA' ECCLESIALE, PARTECIPAZIONE. DA GERARCHIA LAICATO A COMUNITÀ MINISTERI. LAICI CATECHISTICI, ESIGENZA PER LA CHIESA. SFIDA DELLA LAICITÀ ALLA CATECHESI.
501 _aSocietà San Paolo EM - Piazza San Paolo, 14 - 12051 ALBA (CN) (non commercial uses only) ® Copyright 2017
520 _aPROBLEMATICHE APERTE. EDITORIALE. NANNI A. SCABINI P. GIUSTINIANI P. LANZA S. LAICI A. XX ANNI DAL CONCILIO. USO DEI LINEAMENTA. LAICI E MINISTERIALITA' ECCLESIALE, PARTECIPAZIONE. DA GERARCHIA LAICATO A COMUNITÀ MINISTERI. LAICI CATECHISTICI, ESIGENZA PER LA CHIESA. SFIDA DELLA LAICITÀ ALLA CATECHESI.
650 _aTEOLOGIA PASTORALE - CATECHESI
942 _cCR
957 _71
999 _a58606
_bNO
_g1
_c325633
_d325633